000 00252nam a2200097Ia 4500
008 230508s2004 xx 000 0 und d
041 _aeng
100 _aROBINS STEPHEN
245 _aORGANISATIONAL BEHAVIAR 10TH RD
260 _bPEARSON EDUCATION IN
_c2004
999 _c741426
_d741426